000 00225nam a22000857a 4500
008 161122b xxu||||| |||| 00| 0 eng d
100 _91329
_aMoore.P.
245 _aJohn Keats Selected Poems
260 _aNew Delhi
_bMaanu Groups
_c2012
999 _c4041
_d4041